000 00889nam a2200277 i 4500
001 bg
100 1 _aGucma, Lucjan
245 1 0 _aStudium prędkości statków na torze wodnym Świnoujście - Szczecin /
_cLucjan Gucma, Sylwia Schefs ; Akademia Morska w Szczecinie.
260 _aSzczecin :
_bAkademia Morska,
_c2007.
300 _a95, [1] s. :
_bil. ;
_c24 cm.
500 _aNa s. red. błędny ISBN.
504 _aBiliogr. s. 89-91.
610 2 9 _aPort Szczecin-Świnoujście
650 9 _aStatki
_xmechanika
_xmodele matematyczne
650 9 _aŻegluga
_xorganizacja
700 1 _aSchefs, Sylwia.
015 _aPB 4666/2008
020 _a9788389901224
_z9878389901224
040 _cBPK
041 0 _apol
044 _aPOL
080 _a656.61:531.1:519.87](438)
920 _a978-83-89901-22-4
_z987-89901-22-4
942 _cKS
008 070629s2007 pl a |000 0 pol
999 _c55059
_d55059
856 _uhttp://koha.tu.koszalin.pl/cgi-bin/koha/opac-detail.pl?biblionumber=55059
_yKatalog online BPK